| 000 | 00702nam a2200205Ia 4500 | ||
|---|---|---|---|
| 003 | GCL | ||
| 008 | 140319s9999 xx 000 0 ara d | ||
| 040 |
_aGCL / _cGCL |
||
| 082 | 0 | 4 |
_a913.0310285 _bب ط |
| 100 | 1 | _aببوتيه، دنى | |
| 245 | 1 | 0 |
_aالطرائف الموضوعية للتاريخ او قياس الزمن فى الاركيلوجيا (علم الاثار) / _cببوتيه، دنى |
| 260 |
_a[S.N] : _bالمعهد العلمى الفرنسى للدراسات العربية ، _c1988 |
||
| 300 | _a84 ص | ||
| 490 | _a | ||
| 650 | 0 | 4 | _aالحضارة |
| 650 | 0 | 4 | _aالتاريخ |
| 650 | 0 | 4 | _aالاثار الفرعونية |
| 650 | 0 | 4 | _aالاثار |
| 942 |
_2ddc _cBK |
||
| 999 |
_c30182 _d30182 |
||